| 000 -LEADER |
| fixed length control field |
01360cam a22002534i 4500 |
| 003 - CONTROL NUMBER IDENTIFIER |
| control field |
OSt |
| 005 - DATE AND TIME OF LATEST TRANSACTION |
| control field |
20220321125718.0 |
| 008 - FIXED-LENGTH DATA ELEMENTS--GENERAL INFORMATION |
| fixed length control field |
180409s2019 nyu b 001 0 eng |
| 020 ## - INTERNATIONAL STANDARD BOOK NUMBER |
| International Standard Book Number |
9781138574731 (pbk : alk. paper) |
| 042 ## - AUTHENTICATION CODE |
| Authentication code |
pcc |
| 082 00 - DEWEY DECIMAL CLASSIFICATION NUMBER |
| Classification number |
320.6 |
| Edition number |
23 |
| Item number |
GEO |
| 100 1# - MAIN ENTRY--PERSONAL NAME |
| Personal name |
Guess, George M., |
| Relator term |
author. |
| 245 10 - TITLE STATEMENT |
| Title |
Building democracy and international governance / |
| Statement of responsibility, etc |
George M. Guess. |
| 300 ## - PHYSICAL DESCRIPTION |
| Extent |
x, 248 pages ; |
| Dimensions |
24 cm |
| 504 ## - BIBLIOGRAPHY, ETC. NOTE |
| Bibliography, etc |
Includes bibliographical references and index. |
| 505 0# - FORMATTED CONTENTS NOTE |
| Formatted contents note |
Challenges to effective government : ethnic-nationalism, populist nationalism and weak state institutions -- Wealthier state populist nationalism -- Macroeconomic instability -- Inability of both wealthy and poor countries to reduce regional inequalities -- Governing structures -- Response to governance challenges : the problem of aid design and implementation -- Aid as stimulus for democracy and governmental effectiveness -- Targeting aid to threats against improved governmental effectiveness -- Specific problems with design and implementation of aid. |
| 650 #0 - SUBJECT ADDED ENTRY--TOPICAL TERM |
| Topical term or geographic name as entry element |
Democratization. |
| 650 #0 - SUBJECT ADDED ENTRY--TOPICAL TERM |
| Topical term or geographic name as entry element |
Democratization |
| General subdivision |
International cooperation. |
| 650 #0 - SUBJECT ADDED ENTRY--TOPICAL TERM |
| Topical term or geographic name as entry element |
Government accountability. |
| 650 #0 - SUBJECT ADDED ENTRY--TOPICAL TERM |
| Topical term or geographic name as entry element |
Organizational effectiveness. |
| 650 #0 - SUBJECT ADDED ENTRY--TOPICAL TERM |
| Topical term or geographic name as entry element |
Democracy |
| General subdivision |
Economic aspects. |
| 650 #0 - SUBJECT ADDED ENTRY--TOPICAL TERM |
| Topical term or geographic name as entry element |
Economic development |
| General subdivision |
Political aspects. |
| 942 ## - ADDED ENTRY ELEMENTS (KOHA) |
| Source of classification or shelving scheme |
|